000 01179nam a2200217Ia 4500
999 _c34579
_d34579
001 340
003 GE_BSU
005 20231225104106.0
008 181216s1996ge xx |||||||||||||| ||geo||
040 _cGE_BSU
041 _ageo
080 _a726.5(=353.1)(560)+910.4(479.22-25) გ–92
100 _aგუგუნავა,ალექსანდრე
_919271
245 _aმოგზაურობა ისტორიულ სამხრეთ საართველოში
_bნაწ.1 /
_cალექსანდრე გუგუნავა, [რედ. ქეთევან პავლიაშვილი]
264 _aთბილისი :
_bსააქციო საზოგადოება "ფარნავაზი",
_c1996.
300 _a70 გვ.
_b19 სმ.
653 _aმოგზაურობა ისტორიულ სამხრეთ საართველოში
653 _aქართული ეკლესია-მონასტრები თურქეთში
700 _aპავლიაშვილი, ქეთევან
_eრედაქტორი
_919272
942 _cBK
_2udc